LEADER 00770nam0-22003011i-450- 001 990001462190403321 005 20001010 035 $a000146219 035 $aFED01000146219 035 $a(Aleph)000146219FED01 035 $a000146219 100 $a20000920d--------km-y0itay50------ba 101 0 $aeng 102 $aUS 105 $aa---a---001yy 200 1 $aEvolution$fJay M. Savage 210 $aNew York$cHolt$dRinehart and Winston$d1963 215 $avii, 126 p.$cill.$d25 cm 225 1 $aModern biology series 610 0 $aBiologia 700 1$aSavage,$bJay M.$064482 801 0$aIT$bUNINA$gRICA$2UNIMARC 901 $aBK 912 $a990001462190403321 952 $a14 I 21$b11664$fDBV 959 $aDBV 996 $aEvolution$912852 997 $aUNINA LEADER 00935nam0-22002891i-450- 001 990002117230403321 005 20080617110259.0 010 $a88-324-4404-6 035 $a000211723 035 $aFED01000211723 035 $a(Aleph)000211723FED01 035 $a000211723 100 $a20030910d2002----km-y0itay50------ba 101 0 $aita 102 $aIT 200 1 $aAnnuario immobiliare 2002$elegislazione aggiornata, giurisprudenza, istruzioni, formule contrattuali e operative, valori immobiliari, schede finanziarie, glossario$fFrancesco Tamborrino 210 $aMilano$cIl Sole 24 Ore$d2002 215 $a24 cm 327 1 $at.1 : 852 p.$at.2 : xii, 853-1694 700 1$aTamborrino,$bFrancesco$09567 801 0$aIT$bUNINA$gRICA$2UNIMARC 901 $aBK 912 $a990002117230403321 952 $a62 349.42 TAM$bSc.Spe. 124bis$fDAGEA 959 $aDAGEA 996 $aAnnuario immobiliare 2002$9395408 997 $aUNINA